000 01052cam a22003014a 4500
001 15771446
005 20180306082535.0
008 090610s2010 paua b 001 0 eng
010 _a 2009023842
016 7 _a101507716
_2DNLM
020 _a9780781777926 (hard copy : alk. paper)
020 _a0781777925 (hard copy : alk. paper)
035 _a(OCoLC)ocn390530325
040 _aDNLM/DLC
_cDLC
_dYDX
_dNLM
_dSMV
_dDNF
_dVAM
_dUBY
_dCDX
_dDLC
041 _aeng
042 _apcc
060 0 0 _a2009 K-430
060 1 0 _aWY 18.2
_bN9753 2010
080 _a616.075 JUA
082 0 0 _a616.075 JUA
_222
100 _a1
101 _aINF
245 0 0 _aNursing diagnosis :
_c[edited by] Lynda Juall Carpenito-Moyet.
504 _aIncludes bibliographical references and indexes.
906 _a7
_bcbc
_corignew
_d1
_eecip
_f20
_gy-gencatlg
942 _2ddc
_cBK
999 _c44205
_d44205